000 00532nam a22001697a 4500
003 OSt
005 20251030084301.0
008 251030b |||||||| |||| 00| 0 eng d
020 _a978-971-27-3758-9
040 _aDWCL - Main Lib
_cOC
082 _aFil. 899.2113085 B612s 2022
100 _aBinibining Mia
245 _aSalamisim :
_bAng Pagtatapos /
_cBinibining Mia
260 _aMandaluyong City, Metro Manila, Philippines ;
_bAnvil Publishing, Inc.,
_cc2022.
300 _a324 pages ;
_c17cm.
942 _2ddc
_cBK - FIL
_mFil.
_n0
999 _c5372
_d5372